Basic instructional policy for the Michigan curriculum program ... (Record no. 21809)

MARC details
000 -LEADER
fixed length control field 00992cam a22002891 4500
001 - CONTROL NUMBER
control field e 41000086
003 - CONTROL NUMBER IDENTIFIER
control field DLC
005 - DATE AND TIME OF LATEST TRANSACTION
control field 20260227111230.0
008 - FIXED-LENGTH DATA ELEMENTS--GENERAL INFORMATION
fixed length control field 830413s1941 miu 000 0 eng c
010 ## - LIBRARY OF CONGRESS CONTROL NUMBER
LC control number e 41000086
035 ## - SYSTEM CONTROL NUMBER
System control number (OCoLC)9404816
040 ## - CATALOGING SOURCE
Original cataloging agency U.S.Off. of educ. Library
Transcribing agency DNIE
Modifying agency DLC
042 ## - AUTHENTICATION CODE
Authentication code premarc
043 ## - GEOGRAPHIC AREA CODE
Geographic area code n-us-mi
050 00 - LIBRARY OF CONGRESS CALL NUMBER
Classification number L162
Item number .B3 no. 314
082 ## - DEWEY DECIMAL CLASSIFICATION NUMBER
Classification number 375.009774
110 1# - MAIN ENTRY--CORPORATE NAME
Corporate name or jurisdiction name as entry element Michigan.
Subordinate unit Department of Public Instruction.
245 10 - TITLE STATEMENT
Title Basic instructional policy for the Michigan curriculum program ...
Statement of responsibility, etc. Published by Eugene B. Elliott, superintendent of public instruction.
260 ## - PUBLICATION, DISTRIBUTION, ETC.
Place of publication, distribution, etc. Lansing, Mich.,
Date of publication, distribution, etc. 1941.
300 ## - PHYSICAL DESCRIPTION
Extent 8 p.
Dimensions 23 cm.
490 1# - SERIES STATEMENT
Series statement Its Bulletin
Volume/sequential designation no. 314
500 ## - GENERAL NOTE
General note At head of title: State of Michigan. Dept. of public instruction.
500 ## - GENERAL NOTE
General note Prepared by the Curriculum steering committee. cf Foreword.
650 #0 - SUBJECT ADDED ENTRY--TOPICAL TERM
Topical term or geographic name entry element Education
Geographic subdivision Michigan
General subdivision Curricula.
650 #0 - SUBJECT ADDED ENTRY--TOPICAL TERM
Topical term or geographic name entry element Education
Geographic subdivision Michigan.
650 #0 - SUBJECT ADDED ENTRY--TOPICAL TERM
Topical term or geographic name entry element Teaching.

No items available.

Powered by Koha